|
|
|
|
| LEADER |
00000cam a22000004a 4500 |
| 001 |
musev2_43866 |
| 003 |
MdBmJHUP |
| 005 |
20230905044607.0 |
| 006 |
m o d |
| 007 |
cr||||||||nn|n |
| 008 |
150814s2015 txu o 00 0 eng d |
| 010 |
|
|
|z 2015031823
|
| 020 |
|
|
|a 9781574416282
|
| 020 |
|
|
|z 9781574416183
|
| 035 |
|
|
|a (OCoLC)932626582
|
| 040 |
|
|
|a MdBmJHUP
|c MdBmJHUP
|
| 245 |
0 |
0 |
|a Tales of Texas Cooking :
|b Stories and Recipes from the Trans-Pecos to the Piney Woods and High Plains to the Gulf Prairies /
|c edited by Frances Brannen Vick.
|
| 250 |
|
|
|a Edition: first.
|
| 264 |
|
1 |
|a Denton, Texas :
|b University of North Texas Press,
|c [2015]
|
| 264 |
|
3 |
|a Baltimore, Md. :
|b Project MUSE,
|c 2016
|
| 264 |
|
4 |
|c ©[2015]
|
| 300 |
|
|
|a 1 online resource (352 pages).
|
| 336 |
|
|
|a text
|b txt
|2 rdacontent
|
| 337 |
|
|
|a computer
|b c
|2 rdamedia
|
| 338 |
|
|
|a online resource
|b cr
|2 rdacarrier
|
| 490 |
0 |
|
|a Publications of the Texas Folklore Society ;
|v LXX
|
| 500 |
|
|
|a Includes index.
|
| 505 |
0 |
|
|a Preface / by Kenneth L. Untiedt -- Introduction / by Frances B. Vick -- Stories and recipes from the Piney Woods -- Stories and recipes from the Gulf prairies and marshes -- Stories and recipes from the Post Oak Savannah -- Stories and recipes from the Blackland Prairies -- Stories and recipes from the Cross Timbers and Prairies -- Stories and recipes from the South Texas Plains -- Stories and recipes from the Edwards Plateau -- Stories and recipes from the Rolling Plains -- Stories and recipes from the High Plains -- Stories and recipes from the Trans Pecos mountains and basins.
|
| 520 |
|
|
|a Preface / by Kenneth L. Untiedt -- Introduction / by Frances B. Vick -- Stories and recipes from the Piney Woods -- Stories and recipes from the Gulf prairies and marshes -- Stories and recipes from the Post Oak Savannah -- Stories and recipes from the Blackland Prairies -- Stories and recipes from the Cross Timbers and Prairies -- Stories and recipes from the South Texas Plains -- Stories and recipes from the Edwards Plateau -- Stories and recipes from the Rolling Plains -- Stories and recipes from the High Plains -- Stories and recipes from the Trans Pecos mountains and basins.
|
| 588 |
|
|
|a Description based on print version record.
|
| 650 |
|
7 |
|a Tales.
|2 fast
|0 (OCoLC)fst01142246
|
| 650 |
|
7 |
|a Manners and customs.
|2 fast
|0 (OCoLC)fst01007815
|
| 650 |
|
7 |
|a Cooking.
|2 fast
|0 (OCoLC)fst01754966
|
| 650 |
|
7 |
|a SOCIAL SCIENCE
|x Folklore & Mythology.
|2 bisacsh
|
| 650 |
|
7 |
|a COOKING
|x Regional & Ethnic
|x American
|x Southwestern States.
|2 bisacsh
|
| 650 |
|
6 |
|a Contes
|z Texas.
|
| 650 |
|
0 |
|a Tales
|z Texas.
|
| 650 |
|
0 |
|a Cooking
|z Texas.
|
| 651 |
|
7 |
|a Texas.
|2 fast
|0 (OCoLC)fst01210336
|
| 651 |
|
6 |
|a Texas
|x Moeurs et coutumes.
|
| 651 |
|
1 |
|a Texas
|x Social life and customs.
|
| 651 |
|
0 |
|a Texas
|x Social life and customs.
|
| 655 |
|
7 |
|a Livres de cuisine.
|2 rvmgf
|
| 655 |
|
7 |
|a Cookbooks.
|2 lcgft
|
| 655 |
|
7 |
|a Cookbooks.
|2 fast
|0 (OCoLC)fst01752725
|
| 655 |
|
7 |
|a cookbooks.
|2 aat
|
| 655 |
|
4 |
|a Cookbooks.
|
| 655 |
|
7 |
|a Electronic books.
|2 local
|
| 700 |
1 |
|
|a Vick, Frances Brannen,
|d 1935-
|e editor.
|
| 710 |
2 |
|
|a Project Muse.
|e distributor
|
| 830 |
|
0 |
|a Book collections on Project MUSE.
|
| 856 |
4 |
0 |
|z Texto completo
|u https://projectmuse.uam.elogim.com/book/43866/
|
| 945 |
|
|
|a Project MUSE - Custom Collection
|
| 945 |
|
|
|a Project MUSE - 2016 Complete
|
| 945 |
|
|
|a Project MUSE - 2016 US Regional Studies, South
|